No Frills 3939 Produce Employees Quiz Stats

 Plays Quiz not verified by Sporcle

Also try: Oh Nuts!
Challenge
Share
Tweet
Embed
Score 0/24 Timer 08:00
0 Plays Today
Employee % Correct
Mario
100%
Ricky
100%
Scott
100%
Anthony
100%
Karina
100%
Mario
100%
Cody
100%
Evan
100%
Tim
100%
Thomas
100%
Gary
50%
Aaron
50%
Employee % Correct
Steven
50%
Josh
50%
Robert
50%
Jeremy
50%
Ioan
50%
Luigi
50%
Chris
50%
Teddy
50%
Patrick
50%
Connor
50%
Drew
50%
0%

You're not logged in!

Compare scores with friends on all Sporcle quizzes.
Join for Free
OR
Log In

You Might Also Like...

Show Comments

Extras

Top Quizzes Today


Score Distribution

Your Account Isn't Verified!

In order to create a playlist on Sporcle, you need to verify the email address you used during registration. Go to your Sporcle Settings to finish the process.

Report this User

Report this user for behavior that violates our Community Guidelines.

Details: